000 00558nam a2200181 4500
001 121693
003 ES-MaACL
005 20230906191813.0
007 t|
008 070214s1967 sp r ||||1| spa d
100 1 _aPlattel, Martinus G.
_992609
245 1 0 _aFilosofía social /
_cMartinus G. Plattel ; tradujeron Antonio A. Martín y J. L. Rodríguez.
260 _aSalamanca :
_bSígueme,
_c1967.
300 _a364 p. ;
_c25 cm.
700 1 _aMartín, Antonio A.
_977269
700 1 _aRodríguez, J. L.
_998253
852 _aES-MaACL
_jC-33258
_bR.63818
999 _c121693
_d121693